La inversión bursátil (Registro nro. 5467)

Detalles MARC
000 -LEADER
fixed length control field 00968 a2200229 4500
001 - CONTROL NUMBER
control field 54298
005 - DATE AND TIME OF LATEST TRANSACTION
control field 20260407155814.0
008 - FIXED-LENGTH DATA ELEMENTS--GENERAL INFORMATION
fixed length control field 260407a1988 arg spa d
003 - CONTROL NUMBER IDENTIFIER
control field AR-UNSa-BCEJYS
040 ## - CATALOGING SOURCE
Original cataloging agency AR-UNSa-BCEJYS
Language of cataloging spa
Transcribing agency AR-UNSa-BCEJYS
080 ## - UNIVERSAL DECIMAL CLASSIFICATION NUMBER
Universal Decimal Classification number 330.32
Common auxiliary subdivision Nueva formación de capital (Inversión)
020 ## - INTERNATIONAL STANDARD BOOK NUMBER
International Standard Book Number 950-9109-71-1
100 1# - MAIN ENTRY--PERSONAL NAME
Personal name Macchi, Julio A.
245 10 - TITLE STATEMENT
Title La inversión bursátil
264 #1 - PRODUCTION, PUBLICATION, DISTRIBUTION, MANUFACTURE, AND COPYRIGHT NOTICE
Place of production, publication, distribution, manufacture Buenos Aires :
Name of producer, publisher, distributor, manufacturer Tesis
Date of production, publication, distribution, manufacture, or copyright notice 1988
300 ## - PHYSICAL DESCRIPTION
Extent 202 p.
Dimensions 20 cm.
505 ## - FORMATTED CONTENTS NOTE
Formatted contents note 1. Operaciones de Bolsa-caja de valoress - 2. Concepto y función del mercado de capitales - 3. Acciones y obligaciones negociables - 4. La información al público inversor - 5. Estados contables de sociedades con cotización en la bolsa de comercio de Buenos Aires - 6. Análisis bursátil - 7. Técnica de la inversión bursátil
590 ## - LOCAL NOTE (RLIN)
Local note niveau_biblio:m niveau_hierar:0
700 1# - ADDED ENTRY--PERSONAL NAME
Personal name Schamann de Crego, Elvira
700 1# - ADDED ENTRY--PERSONAL NAME
Personal name Jelonche, Edgar I.
942 ## - ADDED ENTRY ELEMENTS (KOHA)
Koha item type
Existencias
Withdrawn status Lost status Damaged status Not for loan Home library Current library Shelving location Date acquired Total checkouts Full call number Barcode Date last seen Price effective from Koha item type
        Biblioteca Prof. Eusebio Cleto del Rey Biblioteca Prof. Eusebio Cleto del Rey   07/04/2026   330.32 M124 L53935 07/04/2026 07/04/2026 Libro